Politics of smoking control in Japan /

Saved in:
Bibliographic Details
Main Author: Sato, Hajime.
Corporate Author: Harvard School of Public Health.
Format: Book
Language:English
Published: 1997.
Subjects:
Tags: Add Tag
No Tags, Be the first to tag this record!
LEADER 00644nam a2200205 a 4500
001 007725193-8
005 20020606104010.5
008 980304s1997 xx b 000|0 eng d
035 0 |a ocm78060262 
100 1 |a Sato, Hajime. 
245 1 0 |a Politics of smoking control in Japan /  |c Hajime Sato. 
260 |c 1997. 
300 |a 341 leaves ;  |c 29 cm. 
502 |a Thesis (Doctor of Science)--Harvard School of Public Health, 1997. 
504 |a Includes bibliographical references. 
650 0 |a Smoking  |x Law and legislation  |z Japan. 
650 0 |a Smoking  |z Japan  |x Statistics. 
710 2 |a Harvard School of Public Health. 
988 |a 20020608 
906 |0 MH